000 01048 a2200241 4500
001 60427
005 20260407155855.0
008 260407a1984 arg spa d
003 AR-UNSa-BCEJYS
040 _aAR-UNSa-BCEJYS
_bspa
_cAR-UNSa-BCEJYS
080 _a172
_xÉtica Social
245 1 0 _aAnte el marxismo y el capitalismo
_p¿Puede un cristiano ser marxista?¿Tiene que ser capitalista?
020 _a978-84-254-1408-4
264 1 _aBarcelona :
_bHerder
_c1984
300 _a103 p.
_c20 cm.
505 _a1. ¿Son separables en el marxismo el pensamiento económico y la concepción del mundo? / Oswald Von Nell-Breuning - 2. Coincidencias y divergencias entre el análisis económico marxista y el cristiano / Arthur F. Utz - 3. ¿Es el capitalismo, para el cristiano, la alternativa al marxismo? / Alfred Klose - 4. Consideraciones finales / Arthur F. Utz
041 _aspa
942 _cBK
590 _aniveau_biblio:m niveau_hierar:0
100 1 _aUtz, Arthur F.
700 1 _aKlose, Alfred
700 1 _aNell-Breuning, Oswald Von
999 _c6980
_d6980